El mundo del trabajo y la pobreza en Costa Rica /
Saved in:
| Main Author: | |
|---|---|
| Format: | Text |
| Tags: |
Add Tag
No Tags, Be the first to tag this record!
|
MARC
| LEADER | 00000 a a2200000 04500 | ||
|---|---|---|---|
| 001 | 47729 | ||
| 003 | |||
| 040 | |||
| 100 | |a Sauma, Pablo | ||
| 245 | |a El mundo del trabajo y la pobreza en Costa Rica / |c Pablo Sauma | ||
| 773 | |g páginas 123-128 : gráfico | ||
| 999 | |c 33662 |d 33662 | ||
